000 00780cam a2200265 a 4500
001 15878820
005 20180302080953.0
008 090824s2011 maua 001 0 eng
010 _a 2009034250
020 _a0321645855 (alk. paper)
020 _a9780321645852 (alk. paper)
020 _a0321646355 (alk. paper)
020 _a9780321646354 (alk. paper)
035 _a(OCoLC)ocn433550143
040 _aDLC
_cDLC
_dYDX
_dYDXCP
_dDLC
041 _aeng
080 _a510
082 0 0 _a510 BLI
_222
100 1 _a36
101 _aMAT
245 1 0 _aThinking mathematically /
_cRobert Blitzer.
906 _a7
_bcbc
_corignew
_d1
_eecip
_f20
_gy-gencatlg
942 _2ddc
_cBK
999 _c44059
_d44059